Normal view
MARC view
- Quratulain.
Entry Personal Name
001 - CONTROL NUMBER
- control field: 26532
003 - CONTROL NUMBER IDENTIFIER
- control field: NUST
005 - DATE AND TIME OF LATEST TRANSACTION
- control field: 20191206104036.0
008 - FIXED-LENGTH DATA ELEMENTS
- fixed length control field: 191206|| aca||aabn | a|a d
040 ## - CATALOGING SOURCE
- Original cataloging agency: NUST
- Transcribing agency: NUST
100 ## - HEADING--PERSONAL NAME
- Personal name: Quratulain.
670 ## - SOURCE DATA FOUND
- Source citation: Work cat.: (NUST): Mazhar, Saima 19271, Establishing Job Placement Center at Faiz-e-Aam Welfare Trust /, 2017.
